000 00725nam a22002537i 4500
003 URS
005 20220117094524.0
008 170130b xxu||||| |||| 00| 0 eng d
020 _a9781609911096
040 _erda
_cCollege
_beng
050 0 0 _aAG243
_bR482 2014
082 _a030
_bR48 2014
245 _aRipley's Believe It or Not
264 1 _aFlorida
_bRipley Entertainment, Incorporated
_c2014
300 _a253 pages
_billustrationss
_c30.2 cm.
336 _2rda content
_atext
337 _2rda media
_aunmediated
338 _2rda carrier
_avolume
500 _aIncludes index
650 _aCuriosities and Wonders
650 _aFun Facts
700 _aEdited by Judy Barrat and Sally McFall
942 _2lcc
_cFR
999 _c11307
_d11307